000 00809nam a2200241Ia 4500
008
020 _a094756814X (pbk.)
049 _aMAIN
090 _aZ699.35.O55
245 0 4 _aThe Economics of online /
_cedited by Peter Bysouth.
260 _aLondon :
_bTaylor Graham and the Institute of Information Scientists,
_cc1987.
300 _a229 p. :
_bill. ;
_c23 cm.
440 4 _aThe Foundations of information science ;
_vv. 2
504 _aIncludes bibliographical references.
650 0 _aOnline data processing
_xEconomic aspects.
650 0 _aInformation science
_xEconomic aspects.
700 1 _aBysouth, Peter.
907 _a.b10066676
_b25-01-07
_c17-04-03
003
005 20230123133826.0
040 _cNUST
942 _cBOOKS
_kZ699.35.O55
999 _c155285
_d155285